MDQL
is popping MORE tags! Check the
thread
!
Quizzes
Events
Quiz Creation
Community
Videos
Private Events
Remove Ads
Sign In
Join for FREE
Feedback
Dark Mode
Quiz Categories
Sports
Geography
Music
Movies
Television
Just For Fun
Miscellaneous
History
Literature
Language
Science
Gaming
Entertainment
Religion
Holiday
For Kids
Quiz Lab
Recent
Popular Today
Quiz Kudos Today
Editor Picks
Curator Picks
Quizzes by...
Day
Popularity
Type
Ratings
Length
Year
Community
Subscriptions
Recent Discussions
Orange Saloon
Badges
Playlists
Quests
Create
Leaderboards
Showdown
Live 5
Trivia Bingo
Activity
Puzzle Library
Sporcle Events
Private Events
Virtual Trivia
Globe League
Become a Host
Pub Owners
SporcleCon
Opinionation
Our Games
Videos
Blog
Mobile Apps
Partnerships
Remove Ads and Go Orange
Feedback
Music
Pop Music
The Beatles
Song
Album
Lyrics
Bands
Singers
Artist
Clip
Rock
Rap
Classical
Billboard
Country Music
Kpop
Taylor Swift
Music
Pop Music
The Beatles
Song
Album
Lyrics
Bands
Singers
Artist
Clip
Rock
Rap
Classical
Billboard
Country Music
Kpop
Taylor Swift
Random Quiz
Search Sporcle
×
Quiz Lab
Quiz Lab
Music
Song
Type in answers that appear in a list
Type in answers that appear in a list
Classic
Best Score? Go Orange.
Pierce The Veil Songs Stats
Can you name the Pierce The Veil Songs?
By
SporcleEXP
20m
48 Questions
144 Plays
144 Plays
144 Plays
Comments
Comments
Give Quiz Kudos
Give Quiz Kudos
-
- Ratings
hide this ad
Replay
Link that replays current quiz
Next Quiz
Link to next quiz in quiz playlist
You Got
0%
They Got
Avg Score
77%
Avg Friend Score
Upgrade to see
Score Distribution
Jump to the score distribution portion of the page
Score
0/48
Timer
20:00
0
Plays Today
album
song
% Correct
Collide with the Sky
king for a day
89.6%
Collide with the Sky
hell above
88.2%
Misadventures
circles
86.8%
Collide with the Sky
hold on till may
86.1%
A Flair For the Dramatic
chemical kids and mechanical brides
85.4%
Collide with the Sky
bulls in the bronx
84.7%
A Flair For the Dramatic
yeah boy and doll face
84%
Selfish Machines
besitos
84%
Collide with the Sky
a match into water
84%
A Flair For the Dramatic
the balcony scene
83.3%
Misadventures
texas is forever
82.6%
Misadventures
floral and fading
82.6%
Selfish Machines
caraphernelia
81.3%
Selfish Machines
bulletproof love
81.3%
Misadventures
dive in
81.3%
Misadventures
the divine zero
81.3%
Selfish Machines
the boy who could fly
80.6%
A Flair For the Dramatic
wonderless
79.9%
Collide with the Sky
im low on gas and you need a jacket
79.9%
Misadventures
song for isabelle
79.9%
Collide with the Sky
props and mayhem
79.2%
Collide with the Sky
tangled in the great escape
79.2%
Selfish Machines
southern constellations
78.5%
Collide with the Sky
the first punch
78.5%
album
song
% Correct
A Flair For the Dramatic
the cheap bouquet
77.8%
A Flair For the Dramatic
drella
77.8%
Selfish Machines
disasterology
77.8%
Collide with the Sky
stained glass eyes and colorful tears
77.1%
Selfish Machines
the new national anthem
76.4%
A Flair For the Dramatic
diamonds and why men buy them
75.7%
A Flair For the Dramatic
kissing in cars
75.7%
Collide with the Sky
one hundred sleepless nights
75.7%
Misadventures
sambuka
75.7%
A Flair For the Dramatic
i'd rather die than be famous
75%
Selfish Machines
stay away from my friends
75%
Selfish Machines
i don't care if you're contagious
75%
Collide with the Sky
may these noises startle you in your sleep tonight
75%
Misadventures
today i saw the whole world
75%
Selfish Machines
the sky under the sea
74.3%
Selfish Machines
fast times at clairemont high
73.6%
Misadventures
gold medal ribbon
73.6%
Misadventures
bedless
71.5%
Selfish Machines
million dollar houses (the painter)
70.1%
A Flair For the Dramatic
currents convulsive
68.8%
A Flair For the Dramatic
she sings in the morning
68.8%
A Flair For the Dramatic
falling asleep on a stranger
68.1%
Misadventures
phantom power and ludicrous speed
67.4%
Selfish Machines
she makes dirty words sound pretty
46.5%
Quiz Playlist
Details
Report
Send in Message
Add To Playlist
Classic:
Type in answers that appear in a list
Last Updated: May 24, 2017
Quiz Scoreboard
CHALLENGE
Sign Up to Join the Scoreboard
Show All
Scores
Hide
Comments
May contain spoilers
Recently Published
Find the 'City' Movie
by crazypaving
Movies
60s
5x2 Blitz: Bands
by SL_Kpop136
Music
30s
Colored Red Africa Blitz
by spor1
Geography
30s
More to Explore
Quiz From the Vault
Featured Blog Post
14 Easter Pick-up Lines to Find Eggs With
hide this ad
You Might Also Like...
Tags
Album Quiz
Song Quiz
Pierce
Today's Top Quizzes in Music
Browse Music
hide this ad
Today's Top Quizzes in Song
Browse Song
Top Contributed Quizzes in Music
1
5X2 Blitz: Bands II
2
Taylor Swift Logic Puzzle II
3
Taylor Swift All Songs (2024)
4
5X2 Blitz: The Beatles
5
5X2 Blitz: Billboard
6
5X2 Blitz: Singers
7
5X2 Blitz: Album
8
5X2 Blitz: Rock
9
Music Artist by Three 2010s hits
10
5X2 Blitz: Billboard II
Explore More
Trending Topics
Kpop
Crossword
Disney
Anime
NBA
Harry Potter
Marvel
Soccer
Country
Pokémon
NFL
Puzzle
Song
WWE
The Office
hide this ad
More By:
SporcleEXP
Quiz
Plays
Rating
Category
Featured
Created
Harry Potter Deaths in Order Minefield
3,068,762
4.18
Literature
Jan 27, 2016
Sins, Dwarfs, and Spice Girls
847,311
4.42
Just For Fun
Apr 11, 2012
Ancient History Bunker
708,282
4.28
History
Jan 20, 2014
Movie Posters VI
679,081
4.37
Movies
Nov 12, 2010
Movie Posters VII
621,903
4.44
Movies
Apr 16, 2011
Go to Creator's Profile
Score Distribution
Quiz Creator Spotlight
SporcleEXP
Follow
Send a Message
Quizzes Created
-
Created Quiz Play Count
-
More By This Creator
Popular Quizzes Today
1
Find the 'City' Movie
2
Colored Red Africa Blitz
3
5x2 Blitz: Bands
4
Find the US States - No Outlines Minefield
5
The Countries of the World
6
Find the US States
7
US States
8
9x9 Crossword: Cartoon Network
More Music Quizzes
Name 75 Popular Kpop Idols (Pictures)
Quiz Lab
Trending Quizzes
Colored Red Europe Blitz I
Colored Red Africa Blitz II
Colored Red Europe Blitz II
Colored Red Europe Blitz III
Colored Red Africa Blitz III
Recently Updated
Famous TV Couples
Peacemaker
Champions League XIs: Real Madrid
pecheneg
Largest US Cities 1790-2010
pecheneg
Rides in Walt Disney World
pecheneg
Most Oscar Losses (Acting)
pecheneg
Beyoncé Albums
pecheneg
Leaping Animals
pecheneg
Reality TV Shows (A-Z)
bhenderson79
Rickey Henderson's Hall of Fame Teammates
pecheneg
Champions League XIs: Arsenal
pecheneg
Trending Topics
Anime
Kpop
NBA
Marvel
Crossword
Harry Potter
Disney
Song
WWE
The Office
Puzzle
Soccer
Pokémon
NFL
Country
Your Account Isn't Verified!
In order to create a playlist on Sporcle, you need to verify the email address you used during registration. Go to your
Sporcle Settings
to finish the process.
Report this User
Report this user for behavior that violates our
Community Guidelines
.
Details:
Send Report
Go to the Sporcle.com Mobile Site →
Comments